A treatise on the family /
Guardado en:
| Autor Principal: | |
|---|---|
| Formato: | Libro |
| Idioma: | English |
| Publicado: |
Cambridge, Mass. :
Harvard University Press,
1991.
|
| Edición: | Enl. ed. |
| Materias: | |
| Etiquetas: |
Agregar Etiqueta
Sin Etiquetas, Sea el primero en etiquetar este registro!
|
| LEADER | 00938pam a2200277 a 4500 | ||
|---|---|---|---|
| 001 | EEO.eeo001034 | ||
| 008 | 900622s1991####maua###g#b####001#0#eng## | ||
| 005 | 20180426121557.0 | ||
| 245 | 1 | 2 | |a A treatise on the family / |c Gary S. Becker. |
| 250 | |a Enl. ed. | ||
| 260 | |a Cambridge, Mass. : |b Harvard University Press, |c 1991. | ||
| 300 | |a xii, 424 p. : |b il. ; |c 25 cm. | ||
| 504 | |a Incluye referencias bibliográficas (p. 383-409) e índice. | ||
| 020 | |a 0674906985 (acid-free paper) | ||
| 100 | 1 | |a Becker, Gary S. |q (Gary Stanley), |d 1930-2014. | |
| 082 | 0 | 0 | |a 306.85 |2 20 |
| 650 | 7 | |a Familia. |2 Isoc | |
| 650 | 7 | |a Movilidad social. |2 Isoc | |
| 650 | 7 | |a Matrimonio. |2 Isoc | |
| 650 | 7 | |a Planificación familiar. |2 Isoc | |
| 650 | 7 | |a Estructura familiar. |2 Isoc | |
| 650 | 7 | |a Microeconomía. |2 Isoc | |
| 010 | |a 90004975 | ||
| 040 | |a DLC |c DLC |d DLC | ||
| 050 | 0 | 0 | |a HQ518 |b .B35 1991 |
| 859 | |a AR-BaUEB |b BIB. ECONOMIA - General |h 306.8 |i B388 |p ef0057 | ||
